[Event "Oban op"]
[Site "Oban"]
[Date "2000.??.??"]
[Round "?"]
[White "Coull, Alison Jane"]
[Black "Henderson, John B"]
[Result "0-1"]
[WhiteElo "2070"]
[BlackElo "2180"]
[PlyCount "62"]
[EventDate "2000.??.??"]
[EventType "swiss"]
[EventRounds "5"]
[EventCountry "SCO"]
[SourceTitle "EXT 2006"]
[Source "ChessBase"]
[SourceDate "2005.11.24"]
[SourceVersion "1"]
[SourceVersionDate "2005.11.24"]
[SourceQuality "1"]

1. e4 Nf6 2. e5 Nd5 3. Nc3 Nxc3 4. dxc3 g6 5. Bf4 Bg7 6. Qd2 0-0 7. Nf3 d6 8. 0-0-0 Nc6 9. exd6 cxd6 10. Bh6 Qa5 11. Kb1 Bg4 12. Bxg7 Kxg7 13. Be2 Qc5 14. Nd4 Be6 15. h4 h5 16. Nxe6+ fxe6 17. g4 hxg4 18. Bxg4 Rxf2 19. Qc1 Rh8 20. h5 gxh5 21. Bxe6 Qe5 22. Rhg1+ Kf6 23. Rde1 Qf4 24. Qd1 Ne5 25. Bd5 e6 26. Bh1 Ke7 27. Rg7+ Nf7 28. Rgg1 b6 29. Ref1 Rxf1 30. Rxf1 Qg4 31. Rg1 Qf5 0-1

[Event "Glenrothes op"]
[Site "Glenrothes"]
[Date "1995.??.??"]
[Round "3"]
[White "Coull, Alison Jane"]
[Black "Grant, Alan"]
[Result "0-1"]
[WhiteElo "2005"]
[BlackElo "2140"]
[PlyCount "76"]
[EventDate "1995.??.??"]
[EventType "swiss"]
[EventRounds "5"]
[EventCountry "SCO"]
[SourceTitle "EXT 2001"]
[Source "ChessBase"]
[SourceDate "2000.11.22"]
[SourceVersion "1"]
[SourceVersionDate "2000.11.22"]
[SourceQuality "1"]

1. e4 e6 2. d4 d5 3. Nc3 Bb4 4. e5 Ne7 5. Qg4 Nf5 6. Nf3 Nc6 7. Bd3 h5 8. Qf4 Nce7 9. 0-0 Ng6 10. Qd2 Ngh4 11. Nxh4 Nxh4 12. Qf4 Be7 13. Qg3 g5 14. Ne2 Nf5 15. Qf3 g4 16. Qf4 Rg8 17. Bxf5 Bg5 18. Qg3 exf5 19. Bxg5 Qxg5 20. Qf4 Qg7 21. c4 dxc4 22. d5 Bd7 23. Rac1 0-0-0 24. Rxc4 Bb5 25. Rc2 Rxd5 26. Rfc1 c6 27. Qxf5+ Kb8 28. Nf4 Rxe5 29. Qd7 Qf6 30. Nd3 Rd5 31. Nc5 Rxc5 32. Rxc5 Rd8 33. Qf5 Qxb2 34. R5c2 Qd4 35. h3 Bd3 36. Qg5 Bxc2 37. Rxc2 f6 38. Qf5 g3 0-1

[Event "Isle of Lewis op"]
[Site "Isle of Lewis"]
[Date "1995.??.??"]
[Round "?"]
[White "Rowson, Jonathan"]
[Black "Coull, Alison Jane"]
[Result "1-0"]
[WhiteElo "2345"]
[BlackElo "2005"]
[PlyCount "99"]
[EventDate "1995.??.??"]
[EventType "swiss"]
[EventRounds "6"]
[EventCountry "SCO"]
[SourceTitle "EXT 2001"]
[Source "ChessBase"]
[SourceDate "2000.11.22"]
[SourceVersion "1"]
[SourceVersionDate "2000.11.22"]
[SourceQuality "1"]

1. e4 e6 2. d4 d5 3. Nc3 Bb4 4. e5 c5 5. Bd2 Ne7 6. Nb5 Bxd2+ 7. Qxd2 0-0 8. c3 Nbc6 9. f4 a6 10. Nd6 cxd4 11. cxd4 f6 12. 0-0-0 Qb6 13. Nf3 Bd7 14. Kb1 Nc8 15. Nxc8 Raxc8 16. exf6 Rxf6 17. h4 Ne7 18. Bd3 Nf5 19. Bxf5 exf5 20. Ne5 Qd6 21. Rc1 Rff8 22. Qe3 Rxc1+ 23. Rxc1 Rc8 24. Rh1 Ba4 25. b3 Bb5 26. Rc1 Rxc1+ 27. Qxc1 Bc6 28. g3 g6 29. Qc5 Qe6 30. a4 Kg7 31. Kc2 h6 32. Qc3 Qd6 33. Kb2 Qe6 34. Qc2 Qf6 35. Qd2 Qd6 36. Qe1 Qe7 37. Qa5 Qd6 38. Qc5 Qf6 39. Qb6 Qd6 40. b4 Qe7 41. Kb3 Be8 42. Qc5 Qxc5 43. dxc5 Kf6 44. Nf3 Bd7 45. Ne5 Be8 46. b5 axb5 47. a5 d4 48. c6 bxc6 49. a6 c5 50. a7 1-0

[Event "Olympiad Women-31"]
[Site "Moscow"]
[Date "1994.12.06"]
[Round "6"]
[White "Coull, Alison Jane"]
[Black "Ferreira, Aida"]
[Result "1-0"]
[WhiteElo "2005"]
[BlackElo "2005"]
[PlyCount "67"]
[EventDate "1994.12.01"]
[EventType "team-swiss"]
[EventRounds "14"]
[EventCountry "RUS"]
[SourceTitle "EXT 2019"]
[Source "ChessBase"]
[SourceDate "2018.10.10"]
[SourceVersion "1"]
[SourceVersionDate "2018.10.10"]
[SourceQuality "1"]
[WhiteTeam "Scotland (W)"]
[BlackTeam "Portugal (W)"]
[WhiteTeamCountry "SCO"]
[BlackTeamCountry "POR"]

1. e4 c5 2. Nf3 a6 3. c3 d5 4. exd5 Qxd5 5. d4 Nf6 6. Be3 cxd4 7. cxd4 e6 8. Nc3 Qd8 9. Bd3 Be7 10. 0-0 0-0 11. Qe2 Nc6 12. a3 Bd7 13. Rad1 Rc8 14. Rfe1 Re8 15. Bb1 Qa5 16. Bg5 Nd5 17. Ne4 Bf8 18. Ne5 Nb8 19. Nxf7 Be7 20. Ned6 Nf6 21. Bxf6 Bxf6 22. Qe4 Qh5 23. Ne5 Ba4 24. Rd3 Bxe5 25. dxe5 Bc6 26. Qd4 Qg5 27. Rg3 Qe7 28. Qg4 Bd5 29. Bxh7+ Kxh7 30. Rh3+ Kg8 31. Qh5 Qxd6 32. exd6 Red8 33. Qh7+ Kf8 34. Rg3 1-0

[Event "Olympiad Women-30"]
[Site "Manila"]
[Date "1992.06.11"]
[Round "4"]
[White "Macek, Vlasta"]
[Black "Coull, Alison Jane"]
[Result "1-0"]
[WhiteElo "2210"]
[BlackElo "2005"]
[PlyCount "71"]
[EventDate "1992.06.07"]
[EventType "team-swiss"]
[EventRounds "14"]
[EventCountry "PHI"]
[SourceTitle "EXT 2019"]
[Source "ChessBase"]
[SourceDate "2018.10.10"]
[SourceVersion "1"]
[SourceVersionDate "2018.10.10"]
[SourceQuality "1"]
[WhiteTeam "Croatia (W)"]
[BlackTeam "Scotland (W)"]
[WhiteTeamCountry "CRO"]
[BlackTeamCountry "SCO"]

1. d4 e6 2. Nf3 Nf6 3. c4 d5 4. Nc3 Be7 5. Bg5 h6 6. Bh4 0-0 7. e3 b6 8. cxd5 Nxd5 9. Bxe7 Qxe7 10. Nxd5 exd5 11. Qd2 Be6 12. Bd3 Nd7 13. Rc1 c5 14. 0-0 Rfd8 15. b3 Rac8 16. Rfd1 Bg4 17. Be2 Nf6 18. dxc5 bxc5 19. h3 Ne4 20. Qb2 Bh5 21. g4 Bg6 22. Qe5 Qxe5 23. Nxe5 Bh7 24. Bb5 Rd6 25. f3 Nf6 26. Kf2 Kf8 27. e4 d4 28. Bc4 Rc7 29. h4 Ne8 30. Nd3 Ke7 31. e5 Rcc6 32. Nf4 Rd7 33. Nd5+ Rxd5 34. Bxd5 f6 35. f4 Nc7 36. Rxc5 1-0

[Event "Olympiad Women-30"]
[Site "Manila"]
[Date "1992.06.08"]
[Round "1"]
[White "Coull, Alison Jane"]
[Black "Burijovich, Liliana"]
[Result "0-1"]
[WhiteElo "2005"]
[BlackElo "2190"]
[PlyCount "80"]
[EventDate "1992.06.07"]
[EventType "team-swiss"]
[EventRounds "14"]
[EventCountry "PHI"]
[SourceTitle "EXT 2019"]
[Source "ChessBase"]
[SourceDate "2018.10.10"]
[SourceVersion "1"]
[SourceVersionDate "2018.10.10"]
[SourceQuality "1"]
[WhiteTeam "Scotland (W)"]
[BlackTeam "Argentina (W)"]
[WhiteTeamCountry "SCO"]
[BlackTeamCountry "ARG"]

1. e4 c5 2. c3 d5 3. exd5 Qxd5 4. d4 e6 5. Be3 cxd4 6. cxd4 Nc6 7. Nc3 Qd8 8. Nf3 Nf6 9. a3 Be7 10. Bd3 0-0 11. 0-0 b6 12. Qe2 Bb7 13. Rad1 Rc8 14. Ne4 Qc7 15. Rfe1 Rfd8 16. Neg5 h6 17. Ne4 Na5 18. Bd2 Nxe4 19. Bxe4 Bxe4 20. Qxe4 Nc4 21. Bc1 Rd5 22. Qg4 Kh8 23. Bf4 Bd6 24. Bxd6 Qxd6 25. Rc1 Rc7 26. Qg3 Qe7 27. Rc2 Nd6 28. Rec1 Rxc2 29. Rxc2 Kh7 30. h3 g6 31. Qf4 Rf5 32. Qe3 Qb7 33. Ne5 Rg5 34. f3 Nf5 35. Qe4 Qxe4 36. fxe4 Nxd4 37. Rc7 Rxe5 38. Rxf7+ Kg8 39. Rxa7 Rxe4 40. Rb7 b5 0-1

[Event "Olympiad Women-28"]
[Site "Thessaloniki"]
[Date "1988.11.27"]
[Round "13"]
[White "Chaves, Jussara"]
[Black "Coull, Alison Jane"]
[Result "1-0"]
[WhiteElo "2085"]
[BlackElo "2005"]
[PlyCount "55"]
[EventDate "1988.11.13"]
[EventType "team-swiss"]
[EventRounds "14"]
[EventCountry "GRE"]
[SourceTitle "EXT 2019"]
[Source "ChessBase"]
[SourceDate "2018.10.10"]
[SourceVersion "1"]
[SourceVersionDate "2018.10.10"]
[SourceQuality "1"]
[WhiteTeam "Brazil (W)"]
[BlackTeam "Scotland (W)"]
[WhiteTeamCountry "BRA"]
[BlackTeamCountry "SCO"]

1. b3 d5 2. Bb2 e6 3. f4 Nf6 4. Nf3 Be7 5. e3 0-0 6. Bd3 c5 7. 0-0 Nbd7 8. Ne5 Qc7 9. Rf3 b6 10. Nxd7 Qxd7 11. Bxf6 Bxf6 12. Bxh7+ Kh8 13. Rh3 Rd8 14. Qh5 g6 15. Bxg6+ Kg8 16. Bh7+ Kf8 17. Nc3 Ba6 18. Re1 Ke7 19. Qf3 d4 20. Ne4 Bh8 21. f5 Be5 22. f6+ Ke8 23. Qg4 Bd6 24. Qg8+ Bf8 25. Bf5 Qd5 26. Qxf8+ Kd7 27. Qxf7+ Kc6 28. Qxe6+ 1-0

[Event "Olympiad Women-28"]
[Site "Thessaloniki"]
[Date "1988.11.18"]
[Round "5"]
[White "Roos, Celine"]
[Black "Coull, Alison Jane"]
[Result "1/2-1/2"]
[WhiteElo "2155"]
[BlackElo "2005"]
[PlyCount "89"]
[EventDate "1988.11.13"]
[EventType "team-swiss"]
[EventRounds "14"]
[EventCountry "GRE"]
[SourceTitle "EXT 2019"]
[Source "ChessBase"]
[SourceDate "2018.10.10"]
[SourceVersion "1"]
[SourceVersionDate "2018.10.10"]
[SourceQuality "1"]
[WhiteTeam "Canada (W)"]
[BlackTeam "Scotland (W)"]
[WhiteTeamCountry "CAN"]
[BlackTeamCountry "SCO"]

1. c4 e6 2. Nf3 Nf6 3. g3 d5 4. Bg2 Be7 5. d4 0-0 6. 0-0 dxc4 7. Qc2 a6 8. Qxc4 b5 9. Qc2 Bb7 10. Nc3 Nbd7 11. Bg5 Rc8 12. Rad1 Qe8 13. a3 c5 14. dxc5 Nxc5 15. Ne5 Bxg2 16. Kxg2 Nce4 17. Bxf6 Nxf6 18. e4 Rc7 19. Qe2 Qa8 20. Rd3 Rfc8 21. Rfd1 h6 22. Qf3 b4 23. axb4 Bxb4 24. Nd7 Nxd7 25. Rxd7 Rxd7 26. Rxd7 Rf8 27. Qd3 Bxc3 28. bxc3 Rc8 29. Rd6 Qb7 30. Rd8+ Rxd8 31. Qxd8+ Kh7 32. Qd4 Qc6 33. c4 a5 34. c5 a4 35. Qb4 Qa6 36. Qa3 Qc4 37. Qe3 Qb3 38. Qf3 Qxf3+ 39. Kxf3 a3 40. c6 a2 41. c7 a1Q 42. c8Q Qh1+ 43. Ke3 Qe1+ 44. Kf3 Qh1+ 45. Ke3 1/2-1/2

[Event "Olympiad Women-28"]
[Site "Thessaloniki"]
[Date "1988.11.15"]
[Round "3"]
[White "Coull, Alison Jane"]
[Black "Harmsen, Jessica MM"]
[Result "0-1"]
[WhiteElo "2005"]
[BlackElo "2205"]
[PlyCount "100"]
[EventDate "1988.11.13"]
[EventType "team-swiss"]
[EventRounds "14"]
[EventCountry "GRE"]
[SourceTitle "EXT 2019"]
[Source "ChessBase"]
[SourceDate "2018.10.10"]
[SourceVersion "1"]
[SourceVersionDate "2018.10.10"]
[SourceQuality "1"]
[WhiteTeam "Scotland (W)"]
[BlackTeam "Netherlands (W)"]
[WhiteTeamCountry "SCO"]
[BlackTeamCountry "NED"]

1. e4 e6 2. d4 d5 3. e5 c5 4. c3 Nc6 5. Nf3 Qb6 6. a3 c4 7. Nbd2 Na5 8. g3 Bd7 9. Bh3 h6 10. 0-0 0-0-0 11. Re1 Ne7 12. Bf1 Kb8 13. b4 cxb3 14. Bb2 Rc8 15. Rb1 Ba4 16. Bd3 Rc7 17. Qe2 Qc6 18. Rec1 Nc4 19. Nf1 Nc8 20. Bxc4 dxc4 21. N3d2 Bb5 22. Ne3 Nb6 23. f4 Na4 24. Ndf1 g6 25. Qd2 Rd7 26. Re1 Be7 27. Rbd1 Ba6 28. Ng4 b5 29. Nf6 Bxf6 30. exf6 Bb7 31. Re2 Nc5 32. Qe3 Nd3 33. Rxd3 cxd3 34. Qxd3 h5 35. Kf2 h4 36. Ke1 hxg3 37. Qxg3 Ka8 38. Kd2 a5 39. Ne3 Ka7 40. Ng4 Rc7 41. Ne5 Qd5 42. Nd3 Qd8 43. Qe3 Bd5 44. Qg3 Kb6 45. Re5 Qxf6 46. Nc5 Qh4 47. Re2 Bc4 48. Rf2 Qh3 49. a4 Qf5 50. axb5 Rh3 0-1

[Event "Olympiad Women-27"]
[Site "Dubai"]
[Date "1986.11.24"]
[Round "9"]
[White "Coull, Alison Jane"]
[Black "Khadilkar, Rohini"]
[Result "0-1"]
[WhiteElo "1905"]
[BlackElo "2115"]
[PlyCount "64"]
[EventDate "1986.11.15"]
[EventType "team-swiss"]
[EventRounds "14"]
[EventCountry "UAE"]
[SourceTitle "EXT 2019"]
[Source "ChessBase"]
[SourceDate "2018.10.10"]
[SourceVersion "1"]
[SourceVersionDate "2018.10.10"]
[SourceQuality "1"]
[WhiteTeam "Scotland (W)"]
[BlackTeam "India (W)"]
[WhiteTeamCountry "SCO"]
[BlackTeamCountry "IND"]

1. e4 e5 2. Nf3 Nc6 3. Bb5 Bc5 4. c3 f5 5. 0-0 fxe4 6. Bxc6 dxc6 7. Nxe5 Bd6 8. Qh5+ g6 9. Nxg6 Nf6 10. Qh6 Rg8 11. Nf4 Bf8 12. Qh4 Rg4 13. Qh3 Rxf4 14. Qe3 Bd6 15. d3 Qe7 16. Qe2 Rf5 17. d4 Rh5 18. f4 exf3 19. Qxe7+ Kxe7 20. g3 Bg4 21. Nd2 Rf8 22. Nxf3 Bxf3 23. Rxf3 Ng4 24. Rd3 Rxh2 25. Bg5+ Kd7 26. Bf4 Rxb2 27. Rf1 Rxa2 28. c4 Nh2 29. Rf2 Rxf2 30. Kxf2 Bxf4 31. gxf4 Rxf4+ 32. Kg3 Rf3+ 0-1

[Event "Olympiad Women-27"]
[Site "Dubai"]
[Date "1986.11.23"]
[Round "8"]
[White "Coull, Alison Jane"]
[Black "Savova, Stefka"]
[Result "1-0"]
[WhiteElo "1905"]
[BlackElo "2120"]
[PlyCount "43"]
[EventDate "1986.11.15"]
[EventType "team-swiss"]
[EventRounds "14"]
[EventCountry "UAE"]
[SourceTitle "EXT 2019"]
[Source "ChessBase"]
[SourceDate "2018.10.10"]
[SourceVersion "1"]
[SourceVersionDate "2018.10.10"]
[SourceQuality "1"]
[WhiteTeam "Scotland (W)"]
[BlackTeam "Bulgaria (W)"]
[WhiteTeamCountry "SCO"]
[BlackTeamCountry "BUL"]

1. e4 c5 2. c3 Nf6 3. e5 Nd5 4. d4 cxd4 5. Nf3 Nc6 6. Bc4 Nb6 7. Bb3 d5 8. exd6 Qxd6 9. 0-0 Be6 10. Na3 Bxb3 11. Qxb3 Qd5 12. Nb5 Qxb3 13. axb3 Rc8 14. Nfxd4 Nxd4 15. Nxd4 a6 16. Re1 Nd5 17. Ra5 Rd8 18. Bg5 h6 19. Bh4 g5 20. Bg3 Bg7 21. Nf5 0-0 22. Rxd5 1-0

[Event "EU-ch U20 Girls"]
[Site "Baile Herculane"]
[Date "1986.03.22"]
[Round "11"]
[White "Lupu, Smaranda B"]
[Black "Coull, Alison Jane"]
[Result "1-0"]
[WhiteElo "2015"]
[BlackElo "1900"]
[PlyCount "111"]
[EventDate "1986.03.11"]
[EventType "tourn"]
[EventRounds "13"]
[EventCountry "ROU"]
[SourceTitle "EXT 2015"]
[Source "ChessBase"]
[SourceDate "2014.11.20"]
[SourceVersion "1"]
[SourceVersionDate "2014.11.20"]
[SourceQuality "1"]

1. e4 e6 2. d4 d5 3. e5 c5 4. c3 Nc6 5. Nf3 Qb6 6. a3 c4 7. g3 f6 8. exf6 Nxf6 9. Bg2 Bd6 10. 0-0 0-0 11. Qe2 Kh8 12. Ne5 Bxe5 13. dxe5 Nd7 14. Be3 Nc5 15. Nd2 Qa5 16. f4 Bd7 17. Nf3 Ne7 18. Nh4 Nf5 19. Nxf5 Rxf5 20. g4 Rff8 21. Rad1 Nd3 22. Qd2 Rae8 23. Bf3 Qc7 24. b4 a5 25. Be2 Bb5 26. Rf3 axb4 27. axb4 Ra8 28. Bxd3 cxd3 29. Bc5 Rfe8 30. Bd4 Bc4 31. f5 Qf7 32. Qe3 Ra2 33. Rf2 Rxf2 34. Qxf2 Ra8 35. Rd2 Rc8 36. Qe3 Ra8 37. Rf2 Ra1+ 38. Kg2 Ra8 39. Qg5 Ra2 40. Rxa2 Bxa2 41. Be3 h6 42. Qd8+ Kh7 43. Qc8 exf5 44. Qxf5+ Qxf5 45. gxf5 Kg8 46. Kf3 Kf7 47. e6+ Kg8 48. Kf4 Bc4 49. Ke5 Kf8 50. Kd6 h5 51. Kc7 Ke7 52. Bg5+ Ke8 53. Kxb7 d4 54. cxd4 Bd5+ 55. Kc7 Be4 56. b5 1-0

[Event "EU-ch U20 Girls"]
[Site "Baile Herculane"]
[Date "1986.03.18"]
[Round "7"]
[White "Coull, Alison Jane"]
[Black "Polakova, Petra"]
[Result "0-1"]
[WhiteElo "1900"]
[BlackElo "2095"]
[PlyCount "67"]
[EventDate "1986.03.11"]
[EventType "tourn"]
[EventRounds "13"]
[EventCountry "ROU"]
[SourceTitle "EXT 2015"]
[Source "ChessBase"]
[SourceDate "2014.11.20"]
[SourceVersion "1"]
[SourceVersionDate "2014.11.20"]
[SourceQuality "1"]

1. e4 e5 2. Nf3 Nc6 3. Bb5 f5 4. d3 fxe4 5. dxe4 Nf6 6. Qe2 d6 7. Bg5 Be7 8. 0-0 Bg4 9. c3 0-0 10. Nbd2 Kh8 11. h3 Bd7 12. Rfd1 Qe8 13. Nf1 Nh5 14. Bxe7 Qxe7 15. Qe3 Rf6 16. Be2 Nf4 17. Ng3 Raf8 18. Nh2 Qf7 19. Bg4 Be8 20. Rd2 Ne7 21. Qxa7 h5 22. Bf3 Qg6 23. Kh1 Bc6 24. Qe3 Qg5 25. Nxh5 Rh6 26. Ng3 Bd7 27. Bg4 Bxg4 28. Nxg4 Qxg4 29. Kg1 Qg5 30. Qe1 Neg6 31. f3 Nh4 32. Rc1 Nxh3+ 33. Kf1 Nxf3 34. gxf3 0-1